000 00661nam a22001817a 4500
005 20251108172305.0
008 250721s9999 xx 000 0 ara d
082 1 4 _a956.462/حام
100 1 _aالخطيب، حامد
245 1 0 _aقصة مدينه الرملة /
264 _bالمنظمه العربيه للتربيه و الثقافه والعلوم - دائرة الإعلام و الثقافه بمنظمة التحرير الفلسطينيه،
_c[19-].
300 _a120ص
490 0 _aالمدن الفلسطينيه ؛4
650 1 7 _aتاريخ فلسطين
650 1 7 _aالرمله (مدينه )
942 _2ddc
_cBK
999 _c75308
_d75308